01508 a2200277 4500003000500000005001700005010001700022020001500039035002300054040000900077082001400086100001600100245009700116260005900213300003400272440004100306505052500347650002500872650002600897650004600923700002200969700001500991710004101006856009101047856009201138Nust20230217124016.0 a 2004478693 a0863413633 a(OCoLC)ocm56539396 cNust04a519.5,RAO1 aRaol, J. R.10aModelling and parameter estimation of dynamic systems /cJ.R. Raol, G. Girija, and J. Singh. aLondon :bInstitution of Electrical Engineers,cc2004. axiv, 388 p. :bill. ;c25 cm. 0aIEE control engineering series ;v65 aIntroduction (Page-1), Least Squares Methods (Page-13), Output Error Methods (Page-37), Filtering Methods (Page-65), Filter error Methods (Page-105), Determination of Model order Structure (Page-123), Estimation before Modeling Approach (Page-149), Approach Based on the Concepts of Model Error (Page-165), Parameters Estimation Approaches for Unstable Augmented Systems (Page-185), Parameters Estimation using Artificial Neural Networks and Genetic Algorithms (Page-233), Real- Time Parameters Estimation (Page-283). 0aMathematical models. 0aParameter estimation. 0aSystems engineeringxMathematical models.1 aGirija, G.d1954-1 aSingh, J.,2 aInstitution of Electrical Engineers.423Publisher descriptionuhttp://www.loc.gov/catdir/enhancements/fy0631/2004478693-d.html423Table of contents onlyuhttp://www.loc.gov/catdir/enhancements/fy0631/2004478693-t.html